Trestná politika (v kontexte globálneho vývoja)
Analýza vzťahu medzi trestným právom a kriminológiou, špecifikovanie ich vzájomných prienikov a poukazovanie na možnosti vzájomného obohacovania. Úloha metódy komparácie v kriminológii, potreba porovnania kriminality a jej kontroly v medzinárodnom meradle. Poukazovanie na nedostatočné uplatňovanie a...
Guardado en:
| Autor principal: | |
|---|---|
| Formato: | Capítulo de libro |
| Lenguaje: | eslovaco |
| Materias: | |
| Etiquetas: |
Sin Etiquetas, Sea el primero en etiquetar este registro!
|
MARC
| LEADER | 00000naa a2200000 4500 | ||
|---|---|---|---|
| 001 | 0267354 | ||
| 005 | 20200729103657.9 | ||
| 041 | 0 | |a slo | |
| 044 | |a SK | ||
| 245 | 1 | 0 | |a Trestná politika (v kontexte globálneho vývoja) |c Tomáš Strémy |
| 520 | |a Analýza vzťahu medzi trestným právom a kriminológiou, špecifikovanie ich vzájomných prienikov a poukazovanie na možnosti vzájomného obohacovania. Úloha metódy komparácie v kriminológii, potreba porovnania kriminality a jej kontroly v medzinárodnom meradle. Poukazovanie na nedostatočné uplatňovanie alternatívnych prvkov v trestnej politike v rámci Slovenskej republiky. Naznačovanie možných trendov trestnej politiky vo sfére restoratívnej justície a ukladania alternatívnych trestov. | ||
| 610 | 2 | 0 | |a globalizácia |
| 610 | 2 | 0 | |a právo trestné |
| 610 | 2 | 0 | |a kriminalita |
| 610 | 2 | 0 | |a systémy právne |
| 610 | 2 | 0 | |a Slovensko |
| 610 | 2 | 0 | |a rozvoj sociálny |
| 610 | 2 | 0 | |a analýzy |
| 610 | 2 | 0 | |a analýza komparatívna |
| 100 | 1 | |a Strémy, Tomáš | |